Farm incomes up (Record no. 73876)

MARC details
000 -LEADER
fixed length control field 00897cam a2200205 4500
001 - CONTROL NUMBER
control field WB3945-14
008 - FIXED-LENGTH DATA ELEMENTS--GENERAL INFORMATION
fixed length control field 031127n2003 000 0 eng u
035 ## - SYSTEM CONTROL NUMBER
System control number (Sirsi) u124495
245 ## - TITLE STATEMENT
Title Farm incomes up
260 ## - PUBLICATION, DISTRIBUTION, ETC.
Date of publication, distribution, etc. 2003
490 ## - SERIES STATEMENT
Series statement DEFRA News Release
Volume/sequential designation (500/03) 27 November 2003, (2)
520 ## - SUMMARY, ETC.
Summary, etc. According to government forecasts total income from farming rose by 34% this year and farmers incomes have recovered to their highest level since 1997. Total farming income in 2003 was £3.23bn compared to £2.48bn last year. Most of the increase has been driven by a favourable exchange rate pushing up prices. For the DEFRA News Release: http://www.defra.gov.uk/news/2003/031127a.htm
590 ## - LOCAL NOTE (RLIN)
Local note WB
650 ## - SUBJECT ADDED ENTRY--TOPICAL TERM
Topical term or geographic name entry element FARM INCOMES
650 ## - SUBJECT ADDED ENTRY--TOPICAL TERM
Topical term or geographic name entry element FARM INCOMES IN THE UK
650 ## - SUBJECT ADDED ENTRY--TOPICAL TERM
Topical term or geographic name entry element FARM SUBSIDIES
650 ## - SUBJECT ADDED ENTRY--TOPICAL TERM
Topical term or geographic name entry element EXCHANGE RATE
690 ## - LOCAL SUBJECT ADDED ENTRY--TOPICAL TERM (OCLC, RLIN)
Topical term or geographic name as entry element RURAL-AGRICULTURE AND FORESTRY
942 ## - ADDED ENTRY ELEMENTS (KOHA)
Suppress in OPAC 0
Holdings
Withdrawn status Lost status Source of classification or shelving scheme Damaged status Not for loan Home library Current library Shelving location Date acquired Total Checkouts Full call number Barcode Date last seen Copy number Price effective from Koha item type
    Dewey Decimal Classification     London London News article 27/11/2003   WB3945-14 124495-1001 06/08/2019 1 06/08/2019 News article